NFL All 2020 QBs by Most Passing Yards - Statistics

General Stats
  • This quiz has been taken 305 times
  • The average score is 38 of 50
Answer Stats
Team Yards TDs Answer % Correct
Cincinnati Bengals 925 5 Brandon Allen
100%
Buffalo Bills 4,544 37 Josh Allen
100%
Washington Football Team 610 4 Kyle Allen
100%
Tampa Bay Buccaneers 4,633 40 Tom Brady
100%
Green Bay Packers 4,299 48 Aaron Rodgers
99%
Minnesota Vikings 4,265 35 Kirk Cousins
99%
Kansas City Chiefs 4,740 38 Patrick Mahomes
99%
Houston Texans 4,823 33 Deshaun Watson
98%
Los Angeles Chargers 4,336 31 Justin Herbert
98%
Detroit Lions 4,084 26 Matthew Stafford
98%
Atlanta Falcons 4,581 26 Matt Ryan
98%
Seattle Seahawks 4,212 40 Russell Wilson
98%
Los Angeles Rams 3,952 20 Jared Goff
97%
Pittsburgh Steelers 3,803 33 Ben Roethlisberger
96%
Las Vegas Raiders 4,103 27 Derek Carr
96%
Arizona Cardinals 3,971 26 Kyler Murray
96%
New York Giants 2,943 11 Daniel Jones
94%
Baltimore Ravens 2,757 26 Lamar Jackson
94%
Tennessee Titans 3,819 33 Ryan Tannehill
93%
New England Patriots 2,657 8 Cam Newton
92%
New Orleans Saints 2,942 24 Drew Brees
92%
San Francisco 49ers 1,096 7 Jimmy Garoppolo
92%
Cincinnati Bengals 2,688 13 Joe Burrow
92%
Cleveland Browns 3,563 26 Baker Mayfield
91%
Philadelphia Eagles 2,620 16 Carson Wentz
90%
Dallas Cowboys 1,856 9 Dak Prescott
87%
Indianapolis Colts 4,169 24 Philip Rivers
86%
Philadelphia Eagles 1,061 6 Jalen Hurts
82%
New York Jets 2,208 9 Sam Darnold
82%
Miami Dolphins 1,814 11 Tua Tagovailoa
81%
Denver Broncos 2,933 16 Drew Lock
80%
Dallas Cowboys 2,169 14 Andy Dalton
75%
Chicago Bears 2,055 16 Mitch Trubisky
72%
Jacksonville Jaguars 2,259 16 Gardner Minshew
71%
Carolina Panthers 3,733 15 Teddy Bridgewater
71%
Washington Football Team 1,582 6 Alex Smith
69%
Chicago Bears 1,852 10 Nick Foles
68%
Miami Dolphins 2,091 13 Ryan Fitzpatrick
67%
New Orleans Saints 928 4 Taysom Hill
54%
New York Jets 864 6 Joe Flacco
53%
Washington Football Team 1,439 5 Dwayne Haskins
51%
Pittsburgh Steelers 324 2 Mason Rudolph
49%
San Francisco 49ers 2,437 12 Nick Mullens
45%
San Francisco 49ers 787 6 C.J Beathard
34%
Carolina Panthers 368 1 P.J Walker
33%
New York Giants 375 1 Colt McCoy
27%
Jacksonville Jaguars 1,072 7 Mike Glennon
27%
Jacksonville Jaguars 624 2 Jake Luton
19%
Denver Broncos 295 2 Brett Rypien
18%
Denver Broncos 432 3 Jeff Driskel
18%
No matching quizzes found
Score Distribution
Percent of People with Each Score
Percentile by Number Answered
Your Score History
You have not taken this quiz